000 00538nam a2200181 a 4500
001 000019371
005 20200929170010.0
008 100626s1977 ve 000 p spa d
040 _aDO-SdBNP
_bspa
_cBNPHU
082 _aV861.44
_bR173v
100 1 _aRamírez Murzi, Marco,
_941617
245 1 0 _aViento del oeste :
_bpoemas, 1977 /
_cMarco Ramírez Murzi.
260 _aCaracas :
_bZona Torrida,
_c1977.
300 _a92, [3] p. ;
_c18 cm.
650 4 _aPoesía venezolana
_94230
650 4 _aLiteratura venezolana
_93816
049 _aBNGR
999 _c18888
_d18888